| 000 | 00427nam a22001817a 4500 | ||
|---|---|---|---|
| 003 | OSt | ||
| 005 | 20220117154857.0 | ||
| 008 | 220117b |||||||| |||| 00| 0 eng d | ||
| 020 | _a9788174766113 | ||
| 040 | _cHU | ||
| 082 | _a620.02 | ||
| 100 |
_aDutta B. N. _928267 |
||
| 245 | _aEstimating And Costing In Civil Engineering | ||
| 250 | _a6ed | ||
| 260 |
_aNew Delhi _bNew Delhi |
||
| 300 | _f904 | ||
| 942 |
_2ddc _cBOOKS _n0 |
||
| 999 |
_c27400 _d27400 |
||